00879 2200289 4500001002100000005001500021035002000036007000300056008004100059020002200100040002200122082001400144084001600158090002200174100004400196245008800240250003100328300004900359650002000408850001200428264003100440336002100471337003000492338002300522999002200545990002200567INLIS00000000089951620250918102159 a0010-0925000439ta250429s2025 yoia g ind d a978-634-7212-72-6 aYOPDYOGbinderda04223a809.8 a809.8 SIN j aCB-D.11 2025-28583 aSinaga, Riris Yuli ValentineePengarang10aJejak langkah menggapai impian di bawah langit timur /cRiris Yuli Valentine Sinaga aCetakan Pertama, Juni 2025 aviii, 54 halaman :bgambar berwarna ;c20 cm 4aKisah kehidupan aYOPDYOG31aSleman :bBukunesia,c2025 2rdacontentateks 2rdamediaatanpa perantara 2rdacarrieravolume aCB-D.11/2025-2858 aCB-D.11/2025-2858